000 00883nac a22002291u 4500
010 _a 2004053302
020 _a0273686348 (pbk.)
082 0 0 _a658.84
_bALB
090 _c7071
_d7071
100 _aAlbaum, Gerald S.
245 1 0 _aInternational marketing and export management /
_cGerald Albaum, Edwin Duerr, Jesper Strandskov.
250 _a5th ed.
260 _aHarlow, England ;
_aNew York. :
_bFinancial Times/Prentice Hall,2004
_c2004.
300 _a666p.:
_bcol. ill.;
_c24 cm.
500 _adistributer: Al-Ahram
504 _aIncludes bibliographical references and index.
511 _acatalogued by: wessam
650 0 _aExport marketing
_xManagement.
700 1 _aDuerr, Edwin.
700 1 _aStrandskov, Jesper.
942 _cBB
_k658.84ALB
999 _c7071
_d7071